Pokémon - La capacité Tranch'Aqua - Statistiques

Statistiques générales
  • Ce quiz a été pris 13 fois
  • Le résultat moyen est 4 sur 5
Statistiques - réponses
Niveaux Pokémon % Correct
Niveau 25 Délestin
92%
Niveau 23 Canarbello
75%
Niveau 21 Coiffeton
75%
Niveau 21 Palmaval
75%
Départ Gallame
58%
Aucun quiz correspondant
Distribution des résultats
% des personnes avec chaque résultat
Percentile par nombre de réponses
Votre historique - résultats
Vous n’avez pas pris ce quiz